Online
Catalog

Trujillo : (Record no. 13709)

MARC details
000 -CABECERA
campo de control de longitud fija 02083nam a2200325 i 4500
001 - NÚMERO DE CONTROL
campo de control 000014107
003 - IDENTIFICADOR DEL NÚMERO DE CONTROL
campo de control OSt
005 - FECHA Y HORA DE LA ÚLTIMA TRANSACCIÓN
campo de control 20260321073639.0
007 - CAMPO FIJO DE DESCRIPCIÓN FÍSICA--INFORMACIÓN GENERAL
campo de control de longitud fija ta
008 - DATOS DE LONGITUD FIJA--INFORMACIÓN GENERAL
campo de control de longitud fija 091204s2009 dr r 000 0 spa d
020 ## - NÚMERO INTERNACIONAL ESTÁNDAR DEL LIBRO
ISBN cancelado o inválido 9789945406092
040 ## - FUENTE DE LA CATALOGACIÓN
Centro catalogador/agencia de origen DO-SdBNP
Lengua de catalogación spa
Centro/agencia transcriptor BNPHU
Normas de descripción rda
041 ## - CÓDIGO DE LENGUA
Código de lengua del texto/banda sonora o título independiente spa
082 ## - NÚMERO DE LA CLASIFICACIÓN DECIMAL DEWEY
Número de clasificación 972.93053
Número de documento/Ítem B742t 42009
Número de edición 22
100 1# - ENTRADA PRINCIPAL--NOMBRE DE PERSONA
Nombre de persona Bosch, Juan,
Fechas asociadas al nombre 1909-2001
Código de función/relación aut.
Término indicativo de función/relación autor
9 (RLIN) 76555
245 10 - MENCIÓN DE TÍTULO
Título Trujillo :
Resto del título causas de una tiranía sin ejemplo /
Mención de responsabilidad, etc. Juan Bosch.
250 ## - MENCIÓN DE EDICIÓN
Mención de edición Octava edición
264 ## - PRODUCCIÓN, PUBLICACIÓN, DISTRIBUCIÓN, FABRICACIÓN Y COPYRIGHT
Producción, publicación, distribución, fabricación y copyright Santo Domingo :
Nombre del de productor, editor, distribuidor, fabricante Alfa y Omega,
Fecha de producción, publicación, distribución, fabricación o copyright 2009.
300 ## - DESCRIPCIÓN FÍSICA
Extensión 190 páginas ;
Dimensiones 21 cm.
336 ## - TIPO DE CONTENIDO
Término de tipo de contenido texto
Código de tipo de contenido txt
Fuente rdacontent
337 ## - TIPO DE MEDIO
Nombre/término del tipo de medio sin mediación
Código del tipo de medio n
Fuente rdamedia
338 ## - TIPO DE SOPORTE
Nombre/término del tipo de soporte volumen
Código del tipo de soporte nc
Fuente rdacarrier
500 ## - NOTA GENERAL
Nota general La biblioteca posee la reimpresión de la octava edición del 2009
505 0# - NOTA DE CONTENIDO CON FORMATO
Título Dedicatoria --
-- Prólogo a la segunda edición --
-- Introducción --
-- El origen psicológico --
-- Origen de la deformación social dominicana --
-- La sociedad colonial y la psicología de Trujillo --
-- Trujillo y la división en gente de primera y gente de segunda --
-- La venganza de un hombre de segunda --
-- EL origen biológico --
-- El abandono de La Española: sus consecuencias para el país --
-- La isla dividida: nacimiento de Haití --
-- La arritmia histórica dominicana --
-- La simiente materna de Trujillo llegó con la Ocupación Haitiana de 1822 --
-- Nacimiento de Trujillo bajo el signo de la tiranía --
-- De las luchas civiles a la Ocupación Norteamerica de 1916 --
-- Trujillo: fruto de tres invasiones militares --
-- La conquista del poder político --
-- La empresa capitalista llamada República Dominicana --
-- De dictador a propietario del país --
-- El gobierno al servicio de la empresa --
-- Psicología de los dominicanos --
-- Epílogo --
-- Conclusiones --
-- Post Scriptum --
590 ## - NOTA LOCAL (RLIN)
Nota local Inventariado, 2026 / LP
600 10 - PUNTO DE ACCESO ADICIONAL DE MATERIA--NOMBRE DE PERSONA
Nombre de persona Trujillo Molina, Rafael Leónidas,
Fechas asociadas al nombre 1891-1961
9 (RLIN) 76764
651 #0 - PUNTO DE ACCESO ADICIONAL DE MATERIA--NOMBRE GEOGRÁFICO
Nombre geográfico República Dominicana --
Subdivisión general Historia --
Subdivisión cronológica Descubrimiento y conquista, 1492-1503
9 (RLIN) 255
910 ## - DATOS DE OPCIÓN DEL USUARIO (OCLC)
Datos de opción del usuario Validado. Control de calidad. MFF
942 ## - ELEMENTOS DE PUNTO DE ACCESO ADICIONAL (KOHA)
Fuente del sistema de clasificación o colocación Dewey Decimal Classification
Tipo de ítem Koha Libro
Holdings
Estado de retiro Estado de pérdida Fuente del sistema de clasificación o colocación Restricciones de uso No para préstamo Código de colección Localización permanente Ubicación/localización actual Ubicación en estantería Fecha de adquisición Fuente de adquisición Total de préstamos Signatura topográfica completa Código de barras Fecha visto por última vez Número de copia Precio válido a partir de Tipo de ítem Koha Nota pública
    Dewey Decimal Classification Préstamo en sala   Dominicana de Servicio Biblioteca Nacional Pedro Henríquez Ureña Biblioteca Nacional Pedro Henríquez Ureña Depósito 04.12.2009 Depósito Legal   BNPHU DS 972.93053 B742t 2009 14107-30 25.06.2020 e.3 25.06.2020 Libro  
    Dewey Decimal Classification Préstamo en sala   Dominicana de Servicio Biblioteca Nacional Pedro Henríquez Ureña Biblioteca Nacional Pedro Henríquez Ureña Depósito 19.10.2015 Donado por Maritza Báez   BNPHU DS 972.93053 B742t 2009 14107-40 25.06.2020 e.4 25.06.2020 Libro Perteneció a la biblioteca personal de Maritza Baez.
    Dewey Decimal Classification Excluido de préstamo   Patrimonio Dominicano Biblioteca Nacional Pedro Henríquez Ureña Biblioteca Nacional Pedro Henríquez Ureña Depósito 04.12.2009 Depósito Legal   BNPHU PD 972.93053 B742t 2009 14107-10 25.06.2020   25.06.2020 Libro  
    Dewey Decimal Classification Excluido de préstamo   Patrimonio Dominicano Biblioteca Nacional Pedro Henríquez Ureña Biblioteca Nacional Pedro Henríquez Ureña Depósito 04.12.2009 Depósito Legal   BNPHU PD 972.93053 B742t 2009 14107-20 25.06.2020 e.2 25.06.2020 Libro  
    Dewey Decimal Classification Préstamo en sala   Dominicana de Servicio Biblioteca Nacional Pedro Henríquez Ureña Biblioteca Nacional Pedro Henríquez Ureña Depósito 11.02.2025 Donado por Xiomara Reyes   BNPHU DS 972.93053 B742t 2009 2026-1870 10.03.2026 e.5 10.03.2026 Libro  

Powered by Koha